000 00988nam a22002297a 4500
001 5714
003 FISKH
005 20250115161012.0
008 250115b cb ||||| |||| 00| 0 eng d
020 _a0439280389
040 _aFISKH
_beng
_cFISKH
_dFISKH
050 _aLB1576.C846
082 _a372.623
100 _aCulham, Ruth
245 _a6 +1 traits of writing :
_bthe complete guide, Grades 3 and up /
_cby Ruth Culham : Foreword by Beverly Ann Chin
260 _aNew York :
_bScholastic ;
_c2003.
300 _a304 pages :
_billustrations ;
_c24 cm .
520 _aDescribes six traits of good writing in any genre, including ideas, organizations, voice, word choice, sentence fluency, conventions, and presentation, and offers advice for teachers on how to assess student writing using the 6 + 1 TRAIT model. Includes scoring guides, sample student papers, and focus lessons and activities.
700 _aClegg, Dave
_eillustrator
942 _2ddc
_cBK
_n0
999 _c5714
_d5714